[Event "27th ECh U20"]
[Site "Patras GRE"]
[Date "1999.10.17"]
[Round "12"]
[White "Kobrin, Michael"]
[Black "Anchev, Nikolai"]
[Result "1/2-1/2"]
[WhiteElo "2355"]
[BlackElo "2155"]
[EventDate "1999.10.02"]
[PlyCount "74"]

1.d4 Nf6 2.c4 e6 3.Nf3 b6 4.g3 Bb7 5.Bg2 Be7 6.O-O O-O 7.d5 exd5 8.Nh4 c6 
9.cxd5 Nxd5 10.Nf5 Bc5 11.e4 Nc7 12.b4 Be7 13.Bb2 Ne6 14.a3 a5 15.Nd6 Qc7 
16.e5 axb4 17.f4 f5 18.g4 Bxd6 19.exd6 Qd8 20.gxf5 Rxf5 21.Qg4 Qf8 22.Be5 
Ba6 23.axb4 Bxf1 24.Rxa8 Bxg2 25.Rxb8 Qxb8 26.Qxf5 Bd5 27.Nc3 Qa8 28.Nxd5 
cxd5 29.Qd3 g6 30.f5 gxf5 31.Qxf5 Qe8 32.Bg3 d4 33.Qb5 Qc8 34.Bf2 Qc1+ 35.
Kg2 Qf4 36.Qxd7 Qg4+ 37.Kf1 Qd1+ 1/2-1/2

[Event "27th ECh U20"]
[Site "Patras GRE"]
[Date "1999.10.17"]
[Round "12"]
[White "Crut, Aurelien"]
[Black "Streikus, Simonas"]
[Result "1-0"]
[WhiteElo "2207"]
[BlackElo "2267"]
[EventDate "1999.10.02"]
[PlyCount "167"]

1.e4 c6 2.c4 d5 3.cxd5 cxd5 4.exd5 Nf6 5.Qa4+ Nbd7 6.Nc3 g6 7.g3 Bg7 8.Bg2
O-O 9.Nge2 Nb6 10.Qb3 Bg4 11.Nf4 g5 12.Nfe2 Bxe2 13.Nxe2 Nfxd5 14.O-O e6 
15.a4 a5 16.d3 Nb4 17.Bxb7 Rb8 18.Be4 Kh8 19.d4 f5 20.Bg2 N6d5 21.Rb1 Qf6 
22.Bxd5 Nxd5 23.Qf3 f4 24.g4 Qg6 25.Bd2 Qc2 26.Bxa5 Qxa4 27.Bc3 Qc2 28.
Rfc1 Qg6 29.Ra1 Rb3 30.Ra7 Rc8 31.Kg2 h6 32.h4 gxh4 33.Rh1 Qg5 34.Kh2 Rf8 
35.Rha1 Nf6 36.Kh3 h5 37.gxh5 Qf5+ 38.Kh2 Qxh5 39.Qxh5+ Nxh5 40.Rg1 f3 41.
Nc1 Rb5 42.Nd3 Rbf5 43.Re7 R8f6 44.d5 Rf7 45.Rxf7 Rxf7 46.dxe6 Re7 47.Rg5 
Nf6 48.Nf4 Kh7 49.Nh5 Nxh5 50.Rxh5+ Kg6 51.Rxh4 Bh6 52.Rh3 Bf4+ 53.Kg1 Kf5
54.Rxf3 Ke4 55.Rh3 Rxe6 56.Kf1 Kf5 57.Rd3 Kg4 58.Bd2 Bxd2 59.Rxd2 Kf3 60.
Rd3+ Kf4 61.b4 Rb6 62.Rb3 Rb5 63.Ke2 Ke4 64.f3+ Kd4 65.Re3 Kc4 66.Re4+ Kc3
67.Ke3 Rf5 68.f4 Rh5 69.Kf3 Rb5 70.Re5 Rxb4 71.Rd5 Kc4 72.Rd1 Kc5 73.Kg4 
Kc6 74.Kg5 Rb2 75.f5 Rg2+ 76.Kf6 Rf2 77.Ke6 Re2+ 78.Kf7 Rf2 79.f6 Rf3 80.
Ke7 Re3+ 81.Kf8 Rf3 82.f7 Rf2 83.Rd4 Kc5 84.Rd8 1-0

[Event "27th ECh U20"]
[Site "Patras GRE"]
[Date "1999.10.17"]
[Round "12"]
[White "Karner, Christoph"]
[Black "Haznedaroglu, Kivanc"]
[Result "0-1"]
[WhiteElo "2181"]
[BlackElo "2187"]
[EventDate "1999.10.02"]
[PlyCount "80"]

1.d4 d5 2.c4 c6 3.Nf3 Nf6 4.Qc2 dxc4 5.e4 b5 6.b3 cxb3 7.axb3 e6 8.Bd2 Bb7
9.Ba5 Qc8 10.Bd3 Be7 11.O-O h6 12.b4 O-O 13.Nbd2 Nbd7 14.Nb3 Re8 15.Rfc1 
Qb8 16.Qb2 Qf4 17.Qe2 Rac8 18.h3 Qb8 19.e5 Nh7 20.Nc5 Nb6 21.Qe4 Nf8 22.
Nh2 Red8 23.Ng4 Rd5 24.Ne3 Rdd8 25.f4 f5 26.exf6 Bxf6 27.Nxe6 Re8 28.f5 
Rcd8 29.Bxb6 axb6 30.Nc2 Rd6 31.Qg4 Re7 32.Re1 Qc8 33.Ra7 c5 34.Bxb5 cxb4 
35.Nxf8 Rxe1+ 36.Nxe1 Bxd4+ 37.Kf1 Kxf8 38.Nd3 b3 39.Nf4 Qc1+ 40.Ke2 Qe3+ 
0-1

[Event "27th ECh U20"]
[Site "Patras GRE"]
[Date "1999.10.17"]
[Round "12"]
[White "Bohnenblust, Simon"]
[Black "Lelumees, Brait"]
[Result "1-0"]
[WhiteElo "2239"]
[BlackElo "2121"]
[EventDate "1999.10.02"]
[PlyCount "77"]

1.e4 c5 2.Nf3 d6 3.d4 cxd4 4.Nxd4 Nf6 5.Nc3 a6 6.f4 e5 7.Nf3 Nbd7 8.a4 Be7
9.Bd3 O-O 10.O-O exf4 11.Bxf4 Qb6+ 12.Kh1 Qxb2 13.Nd5 Nxd5 14.exd5 Qb4 15.
Bg5 Bf6 16.Rb1 Qg4 17.Qd2 a5 18.Rbe1 h6 19.Bf4 Ne5 20.Nxe5 Bxe5 21.Bxe5 
dxe5 22.Rxe5 Qxa4 23.Re7 Qb4 24.Qxb4 axb4 25.h3 b6 26.Rb1 Ba6 27.Be4 f5 
28.Bf3 Rfe8 29.d6 Rab8 30.Bc6 Red8 31.d7 Bc4 32.Re8+ Kf7 33.Rbe1 Kg6 34.
Rxd8 Rxd8 35.Re8 b3 36.cxb3 Bd5 37.Bb5 Kf7 38.Rxd8 Ke7 39.Re8+ 1-0

[Event "27th ECh U20"]
[Site "Patras GRE"]
[Date "1999.10.17"]
[Round "12"]
[White "Erturan, Yakup"]
[Black "Guid, Matej"]
[Result "0-1"]
[WhiteElo "2148"]
[BlackElo "2185"]
[EventDate "1999.10.02"]
[PlyCount "74"]

1.e4 c5 2.Nf3 d6 3.d4 cxd4 4.Nxd4 Nf6 5.Nc3 g6 6.Be3 Bg7 7.Bc4 O-O 8.f3 
Nc6 9.Qd2 Bd7 10.O-O-O Ne5 11.Bb3 Qa5 12.Kb1 Rfc8 13.h4 b5 14.Nd5 Qxd2 15.
Rxd2 Kf8 16.h5 Nxh5 17.g4 Nf6 18.Nxf6 Bxf6 19.Rxh7 e6 20.g5 Bg7 21.Bf4 a5 
22.a3 Ra6 23.Rh1 Rb6 24.Bxe5 Bxe5 25.f4 Bxf4 26.Rf2 Be3 27.Nxe6+ Bxe6 28.
Rf3 Bxb3 29.Rh8+ Kg7 30.Rxc8 Be6 31.Ra8 Bxg5 32.Rxa5 Bd2 33.Ra7 g5 34.a4 
bxa4 35.Rxa4 g4 36.Rf2 Bc3 37.b3 g3 0-1

[Event "27th ECh U20"]
[Site "Patras GRE"]
[Date "1999.10.18"]
[Round "13"]
[White "Fontaine, Robert"]
[Black "Blehm, Pawel"]
[Result "0-1"]
[WhiteElo "2408"]
[BlackElo "2479"]
[EventDate "1999.10.02"]
[PlyCount "128"]

1.d4 Nf6 2.Nf3 g6 3.g3 Bg7 4.Bg2 O-O 5.O-O d6 6.c4 Nc6 7.Nc3 a6 8.d5 Na5 
9.b3 c5 10.dxc6 Nxc6 11.Bb2 Qa5 12.Qc1 Bg4 13.Rd1 Rac8 14.Nd5 Bxf3 15.Bxf3
Nxd5 16.Bxg7 Kxg7 17.Rxd5 Qb4 18.Qe3 Qa3 19.h4 Rc7 20.h5 Qb2 21.Rad1 Ne5 
22.Bg2 Ng4 23.Qb6 Rxc4 24.hxg6 hxg6 25.R5d2 Rc2 26.Rxc2 Qxc2 27.Qd4+ Nf6 
28.Qd2 Qc7 29.Rc1 Qd7 30.Qc3 Rd8 31.Qc7 d5 32.Qe5 Qd6 33.Qxd6 Rxd6 34.Rc7 
Rc6 35.Rxe7 Rc1+ 36.Bf1 Ne4 37.Kg2 Nd2 38.Rd7 Nxf1 39.Rxd5 b5 40.Rd3 Ra1 
41.b4 Kf6 42.a3 Ke6 43.f3 Rd1 44.Rc3 Nd2 45.Rc6+ Ke7 46.Rxa6 Nc4 47.Ra7+ 
Rd7 48.Ra8 Rd2 49.Kf2 Ra2 50.Rb8 Nd6 51.Ra8 Nf5 52.Rb8 Nd4 53.Ke3 Nxe2 54.
Rxb5 Nxg3 55.Ra5 Nf5+ 56.Kf4 Nd6 57.b5 Ke6 58.a4 f6 59.Ra6 g5+ 60.Kg4 Rb2 
61.b6 Nc4 62.a5 Rb4 63.Kg3 Rb5 64.b7+ Nd6 0-1

[Event "27th ECh U20"]
[Site "Patras GRE"]
[Date "1999.10.18"]
[Round "13"]
[White "Kallio, Heikki"]
[Black "Iliushin, Alexei"]
[Result "1/2-1/2"]
[WhiteElo "2360"]
[BlackElo "2527"]
[EventDate "1999.10.02"]
[PlyCount "48"]

1.Nf3 c5 2.g3 Nc6 3.Bg2 g6 4.O-O Bg7 5.e4 d6 6.Nc3 e5 7.d3 Nge7 8.Nd2 O-O 
9.Nc4 Nd4 10.f4 Be6 11.g4 exf4 12.Bxf4 Bxc4 13.dxc4 Nec6 14.Nb5 Ne5 15.
Nxd4 cxd4 16.b3 Qd7 17.h3 b5 18.cxb5 Qxb5 19.Rf2 Rfc8 20.Bf1 Qb6 21.Bd3 
Rc3 22.Bxe5 Bxe5 23.g5 Bg7 24.Qg4 Qc5 1/2-1/2

[Event "27th ECh U20"]
[Site "Patras GRE"]
[Date "1999.10.18"]
[Round "13"]
[White "Dottling, Fabian"]
[Black "De Vreugt, Dennis"]
[Result "1/2-1/2"]
[WhiteElo "2475"]
[BlackElo "2398"]
[EventDate "1999.10.02"]
[PlyCount "70"]

1.d4 d5 2.Nf3 Nf6 3.c4 c6 4.Nc3 dxc4 5.a4 Na6 6.e4 Bg4 7.Bxc4 e6 8.Be3 Be7
9.O-O O-O 10.h3 Bh5 11.Qe2 Nb4 12.Rad1 Bxf3 13.Qxf3 Nc2 14.Rd2 Nxe3 15.
fxe3 Qa5 16.Rdf2 Qg5 17.Ne2 Rad8 18.e5 Nd5 19.Nf4 Qh6 20.Qe4 Rd7 21.Rf3 
Bg5 22.g3 Rfd8 23.Kh2 Be7 24.Bb3 Bb4 25.Nxd5 cxd5 26.Qd3 Rc7 27.R1f2 Qg6 
28.Qxg6 hxg6 29.h4 Rdd7 30.Kh3 Rc1 31.Kg2 Rdc7 32.Re2 Be7 33.e4 dxe4 34.
Rxe4 Rd7 35.Rd3 Bd8 1/2-1/2

[Event "27th ECh U20"]
[Site "Patras GRE"]
[Date "1999.10.18"]
[Round "13"]
[White "Medvegy, Zoltan"]
[Black "Stryjecki, Marek"]
[Result "1-0"]
[WhiteElo "2397"]
[BlackElo "2448"]
[EventDate "1999.10.02"]
[PlyCount "75"]

1.e4 g6 2.d4 Bg7 3.Nc3 d6 4.f4 Nf6 5.Nf3 O-O 6.Bd3 Na6 7.O-O c5 8.d5 Rb8 
9.Kh1 e6 10.dxe6 Bxe6 11.f5 Bc8 12.fxg6 fxg6 13.e5 dxe5 14.Bc4+ Kh8 15.
Qxd8 Rxd8 16.Nxe5 Rd4 17.Be3 Rxc4 18.Nxc4 Be6 19.Nd6 Nd5 20.Nxd5 Bxd5 21.
c3 Kg8 22.Rad1 Bxa2 23.Nxb7 Nc7 24.Rd8+ Rxd8 25.Nxd8 Bf8 26.Ra1 Bb3 27.
Rxa7 Nd5 28.Bg5 h6 29.Bc1 Nf6 30.Ra6 Ne4 31.Rxg6+ Kh7 32.Rb6 Bd5 33.Ne6 
Bd6 34.Bf4 Be7 35.c4 Bxc4 36.Rb7 Kg6 37.Rxe7 Kf6 38.Nxc5 1-0

[Event "27th ECh U20"]
[Site "Patras GRE"]
[Date "1999.10.18"]
[Round "13"]
[White "Jovanovic, Zoran"]
[Black "Solak, Dragan"]
[Result "1/2-1/2"]
[WhiteElo "2310"]
[BlackElo "2457"]
[EventDate "1999.10.02"]
[PlyCount "118"]

1.e4 c5 2.Nf3 e6 3.d4 cxd4 4.Nxd4 a6 5.Nc3 Qc7 6.g4 Bb4 7.Bd2 Ne7 8.a3 Bd6
9.h4 Nbc6 10.Be3 Bf4 11.Nxc6 dxc6 12.Qd2 Bxe3 13.Qxe3 e5 14.Be2 Ng6 15.
O-O-O Nf4 16.Bf3 Bd7 17.Ne2 Ne6 18.Rd2 O-O-O 19.Rhd1 Kb8 20.g5 Bc8 21.Bg4 
Rxd2 22.Rxd2 h6 23.Bxe6 Bxe6 24.Ng3 hxg5 25.hxg5 Qa5 26.Rd6 Qb5 27.b3 Kc7 
28.Rd2 Kb8 29.Qc3 b6 30.g6 Qc5 31.Qxc5 bxc5 32.gxf7 Kc7 33.Nh5 g6 34.Nf6 
Rf8 35.Ne8+ Kb6 36.Rd6 Bxf7 37.Rf6 Rxe8 38.Rxf7 c4 39.bxc4 Kc5 40.Rf6 Rd8 
41.Rxg6 Rf8 42.Re6 Rxf2 43.Rxe5+ Kd4 44.Rf5 Re2 45.Kb2 Rxe4 46.Kb3 Re8 47.
c3+ Kd3 48.Rf3+ Kd2 49.Rf6 Rb8+ 50.Ka4 c5 51.Rc6 Kxc3 52.Rxc5 Rh8 53.Ka5 
Rh4 54.Rg5 Rxc4 55.Rg3+ Kb2 56.a4 Ka2 57.Kxa6 Rxa4+ 58.Kb7 Ra3 59.Rxa3+ 
Kxa3 1/2-1/2

[Event "27th ECh U20"]
[Site "Patras GRE"]
[Date "1999.10.18"]
[Round "13"]
[White "Shavtvaladze, Nikoloz"]
[Black "Bagirov, Rufat"]
[Result "1/2-1/2"]
[WhiteElo "2289"]
[BlackElo "2471"]
[EventDate "1999.10.02"]
[PlyCount "39"]

1.e4 e6 2.d4 d5 3.Nc3 Nf6 4.Bg5 Be7 5.e5 Nfd7 6.Bxe7 Qxe7 7.f4 O-O 8.Nf3 
c5 9.dxc5 f6 10.exf6 Qxf6 11.g3 Nc6 12.Bg2 Nxc5 13.Qe2 Bd7 14.O-O Be8 15.
Ne5 Bg6 16.Nxg6 hxg6 17.h4 a6 18.Rad1 Rad8 19.Rfe1 Ne7 20.Qe5 1/2-1/2

[Event "27th ECh U20"]
[Site "Patras GRE"]
[Date "1999.10.18"]
[Round "13"]
[White "Hunt, Adam"]
[Black "Cvek, Robert"]
[Result "0-1"]
[WhiteElo "2288"]
[BlackElo "2444"]
[EventDate "1999.10.02"]
[PlyCount "74"]

1.e4 c5 2.Nf3 Nc6 3.Bb5 g6 4.O-O Bg7 5.Re1 e5 6.Bxc6 dxc6 7.d3 f6 8.a4 a5 
9.Be3 b6 10.Qc1 Bg4 11.Nfd2 Nh6 12.Nc3 Nf7 13.Nc4 O-O 14.b3 Be6 15.Bd2 Ra7
16.Qd1 Rd7 17.Qf3 Nd6 18.Nxd6 Rxd6 19.Rab1 f5 20.exf5 gxf5 21.Qg3 Bd5 22.
Bg5 Qe8 23.Nxd5 cxd5 24.f4 e4 25.dxe4 dxe4 26.Rbd1 Qe6 27.Qh4 Rf7 28.Qh5 
Rfd7 29.Rxd6 Rxd6 30.Rd1 Rd4 31.Rxd4 cxd4 32.Qe2 Qc6 33.Qb5 Qxb5 34.axb5 
Bf8 35.Kf2 Kf7 36.Ke2 Be7 37.Bh6 Kg6 0-1

[Event "27th ECh U20"]
[Site "Patras GRE"]
[Date "1999.10.18"]
[Round "13"]
[White "Markidis, Konstantinos"]
[Black "Mateuta, Gabriel"]
[Result "1/2-1/2"]
[WhiteElo "2295"]
[BlackElo "2398"]
[EventDate "1999.10.02"]
[PlyCount "34"]

1.e4 c6 2.d4 d5 3.Nc3 dxe4 4.Nxe4 Bf5 5.Ng3 Bg6 6.h4 h6 7.Nf3 Nf6 8.h5 Bh7
9.Bd3 Bxd3 10.Qxd3 e6 11.Bd2 Qc7 12.O-O-O Nbd7 13.Qe2 O-O-O 14.Ne5 Nb6 15.
Rh4 Bd6 16.c4 c5 17.Kb1 Qe7 1/2-1/2

[Event "27th ECh U20"]
[Site "Patras GRE"]
[Date "1999.10.18"]
[Round "13"]
[White "Ribshtein, Nati"]
[Black "Skytte, Rasmus"]
[Result "1-0"]
[WhiteElo "2349"]
[BlackElo "2338"]
[EventDate "1999.10.02"]
[PlyCount "117"]

1.e4 c5 2.Nf3 Nc6 3.d4 cxd4 4.Nxd4 e6 5.Nb5 d6 6.c4 Nf6 7.N5c3 Be7 8.Be2 
O-O 9.Be3 b6 10.O-O Bb7 11.f4 Rc8 12.Bf3 Rc7 13.Qe2 Qa8 14.Nd2 Rd7 15.Rfd1
Rfd8 16.Bf2 Bf8 17.Rac1 Rc8 18.a3 Ne7 19.Bh4 Ne8 20.Bg3 g6 21.Bf2 Bg7 22.
Nf1 Nc7 23.Bd4 Bh6 24.Be3 Bg7 25.Bd4 Bh6 26.g3 Nf5 27.Bf2 Re8 28.Rd3 Ne7 
29.Rcd1 d5 30.Ne3 Bg7 31.Ng4 Nc6 32.e5 h5 33.Ne3 Red8 34.cxd5 Ba6 35.Qc2 
Bxd3 36.Rxd3 Qc8 37.d6 Ne8 38.Nb5 Nxe5 39.fxe5 Bxe5 40.Bc6 Rxd6 41.Nxd6 
Nxd6 42.b4 Qc7 43.Bf3 Qxc2 44.Nxc2 Rc8 45.Nd4 Rc1+ 46.Kg2 Nc4 47.Nc6 Bf6 
48.Nxa7 Ne5 49.Rb3 h4 50.Nb5 Rc2 51.Nd4 h3+ 52.Kf1 Ra2 53.Be2 Bg5 54.Be3 
Ra1+ 55.Kf2 Bf6 56.Bf4 Ra2 57.Bxe5 Bxe5 58.Nb5 Ra1 59.Re3 1-0

[Event "27th ECh U20"]
[Site "Patras GRE"]
[Date "1999.10.18"]
[Round "13"]
[White "Dovliatov, Sanan"]
[Black "Molander, Riku"]
[Result "1/2-1/2"]
[WhiteElo "2339"]
[BlackElo "2234"]
[EventDate "1999.10.02"]
[PlyCount "98"]

1.e4 c5 2.Nf3 d6 3.d4 cxd4 4.Nxd4 Nf6 5.f3 Nc6 6.c4 Nxd4 7.Qxd4 g6 8.Nc3 
Bg7 9.Be3 O-O 10.Qd2 Qa5 11.Be2 Be6 12.Rc1 Rfc8 13.b3 a6 14.Nd5 Qxd2+ 15.
Kxd2 Nxd5 16.exd5 Bd7 17.Rc2 e6 18.dxe6 Bxe6 19.Rhc1 Bd7 20.Bd3 Bc6 21.Ke2
Re8 22.Kf2 Re6 23.Re2 Rae8 24.Bb6 Rxe2+ 25.Bxe2 Bb2 26.Rc2 Ba3 27.c5 Bxc5+
28.Bxc5 dxc5 29.Rxc5 Kf8 30.b4 Rc8 31.Ke3 Ke7 32.Kd4 Rd8+ 33.Kc3 Kd6 34.
Rc4 Bd5 35.Rd4 b5 36.a3 Rc8+ 37.Kd2 Ke5 38.Ke3 Rc1 39.f4+ Ke6 40.g3 Ra1 
41.Rd3 Bc4 42.Rd2 Re1 43.Kf2 Rxe2+ 44.Rxe2+ Bxe2 45.Kxe2 Kd5 46.Kd3 h5 47.
h3 f6 48.g4 h4 49.Ke3 g5 1/2-1/2

[Event "27th ECh U20"]
[Site "Patras GRE"]
[Date "1999.10.18"]
[Round "13"]
[White "Haznedaroglu, Kivanc"]
[Black "Berescu, Alin"]
[Result "0-1"]
[WhiteElo "2187"]
[BlackElo "2386"]
[EventDate "1999.10.02"]
[PlyCount "94"]

1.e4 c6 2.d4 d5 3.exd5 cxd5 4.c4 Nf6 5.Nc3 Nc6 6.Bg5 Be6 7.c5 Ne4 8.Nxe4 
dxe4 9.Be3 g6 10.Qa4 Bg7 11.Bb5 Bd5 12.Ne2 O-O 13.O-O e6 14.Rfd1 Ne7 15.
Nc3 a6 16.Bc4 Bc6 17.Qc2 Nf5 18.d5 Nxe3 19.fxe3 exd5 20.Bxd5 Qg5 21.Qxe4 
Rae8 22.Qc4 Rxe3 23.Bxc6 bxc6 24.Re1 Qe5 25.Rxe3 Qxe3+ 26.Kh1 Qf2 27.Ne4 
Qxb2 28.Rd1 Qb5 29.Qc2 Re8 30.Nd6 Qe2 31.Qb1 Re7 32.h3 Bc3 33.Qb3 Qxd1+ 
34.Qxd1 Re1+ 35.Qxe1 Bxe1 36.Kg1 Bb4 37.Nb7 Kf8 38.Kf2 Ke7 39.Ke3 Kd7 40.
Kd4 Be1 41.Nd6 Ke6 42.Nb7 f6 43.Nd8+ Kd7 44.Nb7 f5 45.Nd6 Bf2+ 46.Kc4 Bg3 
47.Nb7 Bc7 0-1

[Event "27th ECh U20"]
[Site "Patras GRE"]
[Date "1999.10.18"]
[Round "13"]
[White "Jedryczka, Krystian"]
[Black "Bohnenblust, Simon"]
[Result "1/2-1/2"]
[WhiteElo "2334"]
[BlackElo "2239"]
[EventDate "1999.10.02"]
[PlyCount "37"]

1.e4 e6 2.d4 d5 3.Nc3 Nf6 4.e5 Nfd7 5.f4 c5 6.Nf3 Qb6 7.Be3 a6 8.a3 Nc6 9.
dxc5 Bxc5 10.Na4 Qa5+ 11.b4 Qxa4 12.bxc5 O-O 13.c4 Qa5+ 14.Qd2 d4 15.Nxd4 
Qxd2+ 16.Kxd2 Na5 17.g4 Nxc5 18.Kc3 Bd7 19.Be2 1/2-1/2

[Event "27th ECh U20"]
[Site "Patras GRE"]
[Date "1999.10.18"]
[Round "13"]
[White "Touloumis, Anestis"]
[Black "Kobrin, Michael"]
[Result "0-1"]
[WhiteElo "2111"]
[BlackElo "2355"]
[EventDate "1999.10.02"]
[PlyCount "82"]

1.e4 e5 2.Nf3 Nf6 3.d4 Nxe4 4.Bd3 d5 5.Nxe5 Nd7 6.Nc3 Nxe5 7.dxe5 Qh4 8.
Bxe4 dxe4 9.Qd4 Bf5 10.Be3 Be7 11.Nd5 Bd8 12.Qb4 b6 13.O-O-O c6 14.g3 Qg4 
15.h3 Qf3 16.g4 Be6 17.Nc3 Be7 18.Qxe4 Qxe4 19.Nxe4 Bd5 20.f3 Bxe4 21.fxe4
Rd8 22.Rxd8+ Bxd8 23.Rf1 Ke7 24.Bd4 Ke6 25.a4 h5 26.gxh5 Rxh5 27.Rf3 Rh4 
28.Kd2 c5 29.Bc3 Rxe4 30.b3 c4 31.Rg3 g6 32.b4 Bh4 33.Rf3 Be1+ 34.Kd1 Bxc3
35.Rxc3 Kxe5 36.Kc1 g5 37.Kb2 f5 38.a5 bxa5 39.b5 f4 40.Ra3 Kd4 41.Rxa5 f3
0-1

[Event "27th ECh U20"]
[Site "Patras GRE"]
[Date "1999.10.18"]
[Round "13"]
[White "Guid, Matej"]
[Black "Eriksson, Jonas"]
[Result "1/2-1/2"]
[WhiteElo "2185"]
[BlackElo "2188"]
[EventDate "1999.10.02"]
[PlyCount "105"]

1.Nf3 Nf6 2.g3 d5 3.Bg2 c5 4.O-O g6 5.d3 Nc6 6.Nc3 d4 7.Na4 Nd7 8.c4 Bg7 
9.a3 O-O 10.Rb1 a5 11.e4 e5 12.Ng5 h6 13.Nh3 Rb8 14.f4 b5 15.cxb5 Rxb5 16.
Qc2 Nb6 17.Nxc5 Qd6 18.Na4 Be6 19.Nxb6 Rxb6 20.fxe5 Nxe5 21.Bf4 Qd7 22.
Bxe5 Bxe5 23.Nf4 Rfb8 24.Nd5 Bxd5 25.exd5 Kg7 26.Rf2 f6 27.Qc1 Rb3 28.Qc6 
Qxc6 29.dxc6 Rxd3 30.Rf3 Rxf3 31.Bxf3 Rb3 32.Bd1 Rb6 33.Ba4 d3 34.Kf2 Kf8 
35.Ke3 Ke7 36.b4 Kd6 37.Kxd3 axb4 38.Rxb4 Ra6 39.Kc4 Ra5 40.Kb3 Rc5 41.Rb7
Kd5 42.Rd7+ Bd6 43.Rf7 Ke5 44.Rb7 Ra5 45.Rg7 g5 46.Rh7 f5 47.Rxh6 Ra7 48.
Bb5 Rxa3+ 49.Kb2 Ra7 50.Bc4 Re7 51.Kc3 Bc7 52.Kd3 Bb6 53.h4 1/2-1/2

[Event "27th ECh U20"]
[Site "Patras GRE"]
[Date "1999.10.18"]
[Round "13"]
[White "Nikolchovski, Toni"]
[Black "Karner, Christoph"]
[Result "0-1"]
[WhiteElo "2190"]
[BlackElo "2181"]
[EventDate "1999.10.02"]
[PlyCount "54"]

1.c4 Nf6 2.g3 g6 3.Bg2 Bg7 4.e3 O-O 5.Ne2 d6 6.O-O e5 7.d4 e4 8.Nec3 Re8 
9.Nd2 Bf5 10.Qc2 c6 11.Ndxe4 Nxe4 12.Bxe4 Rxe4 13.Nxe4 d5 14.Qb3 dxe4 15.
Qxb7 Nd7 16.Qxc6 Rc8 17.Qa6 Bg4 18.c5 Bf3 19.Bd2 Nf8 20.Rfc1 Ne6 21.Ba5 
Qe8 22.c6 Bxd4 23.exd4 Nxd4 24.c7 Qd7 25.Kf1 Be2+ 26.Qxe2 Nxe2 27.Kxe2 
Qb5+ 0-1

[Event "27th ECh U20"]
[Site "Patras GRE"]
[Date "1999.10.18"]
[Round "13"]
[White "Anchev, Nikolai"]
[Black "Crut, Aurelien"]
[Result "0-1"]
[WhiteElo "2155"]
[BlackElo "2207"]
[EventDate "1999.10.02"]
[PlyCount "90"]

1.e4 d5 2.exd5 Qxd5 3.Nc3 Qa5 4.d4 c6 5.Bc4 Nf6 6.Nf3 Bg4 7.Qe2 e6 8.Bd2 
Bb4 9.O-O-O Nbd7 10.a3 Bxc3 11.Bxc3 Qc7 12.Bd2 O-O-O 13.h3 Bh5 14.g3 Nd5 
15.Bd3 b5 16.Kb1 Qb6 17.g4 Bg6 18.Bxg6 hxg6 19.Rc1 Kb7 20.Ka2 Ka8 21.b3 
Rb8 22.Rb1 b4 23.axb4 Nxb4+ 24.Kb2 c5 25.dxc5 Nxc5 26.Ne5 Rhc8 27.Ra1 Nxc2
28.Qf3+ Rb7 29.Nc4 Qxb3+ 30.Qxb3 Nxb3 31.Nd6 Nbxa1+ 32.Nxb7 Kxb7 33.Bc3 f6
34.g5 e5 35.Rg1 Rg8 36.Ka2 Kc6 37.Bxa1 Nxa1 38.Kxa1 f5 39.Kb2 Rh8 40.Rg3 
Rh5 41.Rc3+ Kd6 42.Ra3 Rxg5 43.Ra6+ Kd5 44.Rxa7 Rg2 45.Rxg7 Rxf2+ 0-1